• 首页
  • 本馆介绍
  • 公告通知
  • 最新文献
  • 馆藏检索
  • 电子资源
  • 读者导购
  • 参考咨询
  • 我的图书馆
  • 登录
  • 详细信息显示
  • 放入我的书架
  • 预约/预借图书
  • 作者相关作品
  • 分类相关作品
  • 丛书相关作品
  • 出版社相关作品

书目信息

  • 表格格式
  • 工作单格式
  • 卡片格式
题名:
大学物理导读
    
 
作者: 石永锋 , 杜娟 主编
分册: 下册  
出版信息: 北京   中国水利水电出版社  2012
页数: 264页
开本: 26cm
丛书名:
单 册:
中图分类: O4
科图分类:
主题词: 物理学--高等教育--教材 , 物理学
电子资源:
ISBN: 978-7-5084-9606-1
000 00883nam0 2200265 450
001 012001002752
005 20191121144405.51
010    @a978-7-5084-9606-1@dCNY28.00
100    @a20120930d2012 em y0chiy50 ea
101 0  @achi
102    @aCN@b110000
105    @ay z 000yy
106    @ar
200 1  @a大学物理导读@Ada xue wu li dao du@h下册@f石永锋,杜娟主编
210    @a北京@c中国水利水电出版社@d2012
215    @a264页@d26cm
300    @a普通高等教育“十二五”规划教材
330    @a本书讲解了机械振动、机械波、光的干涉、光的衍射、光的偏振、气体动理论、热力学、狭义相对论基础、量子物理基础等大学物理知识。
606 0  @a物理学@x高等教育@j教材
606 0  @a物理学
690    @aO4@v5
701  0 @a石永锋@Ashi yong feng@c(物理学)@4主编
701  0 @a杜娟@Adu juan@c(女,物理学@f1981~)@4主编
801  0 @aCN@b北京卓展@c20191020
905    @b1205772-5@dO4@e1012:2@f4
    
    大学物理导读.下册/石永锋,杜娟主编.-北京:中国水利水电出版社,2012
    264页;26cm
    普通高等教育“十二五”规划教材
    
    ISBN 978-7-5084-9606-1:CNY28.00
    本书讲解了机械振动、机械波、光的干涉、光的衍射、光的偏振、气体动理论、热力学、狭义相对论基础、量子物理基础等大学物理知识。
●
相关链接 在E读中查询图书 在五车中查询图书 在当当中查询图书 在豆瓣中查询图书


正题名:大学物理导读     索取号:O4/1012:2         预约/预借

序号 登录号 条形码 馆藏地/架位号 状态 备注
1 1205772   212057726   第二样本阅览室/ [索取号:O4/1012:2] 在馆    
2 1205773   212057735   第三借阅区/ [索取号:O4/1012:2] 在馆    
3 1205774   212057744   第三借阅区/ [索取号:O4/1012:2] 在馆    
4 1205775   212057753   第三借阅区/ [索取号:O4/1012:2] 在馆    
唐山师范学院图书馆 欢迎您!
大连网信软件有限公司© 版权所有